Biblioteca

The liberating image (Registro nro. 64640)

Detalles MARC
000 -LÍDER
Campo fijo de descripción fija 01625cam a22003974i 4500
001 - NÚMERO DE CONTROL
Campo de control 13802313
003 - IDENTIFICADOR DEL NÚMERO DE CONTROL
Campo de control CO-MdFUSB
005 - FECHA Y HORA DE LA ULTIMA TRANSACCIÓN
control field 20181019112947.0
008 - ELEMENTOS DE LONGITUD FIJA -- INFORMACIÓN GENERAL
Campo fijo de descripción fija -- Información general 041130t2005 miua g b 001 0 eng
010 ## - NÚMERO DE CONTROL DE LA BIBLIOTECA DEL CONGRESO
Número de control LC 2004028522
020 ## - NÚMERO INTERNACIONAL NORMALIZADO PARA LIBROS
Número Internacional Normalizado del libro 1587431106
040 ## - FUENTE DE CATALOGACIÓN
Agencia de catalogación original DLC
Agencia que realiza la transcripción CO-MdFUSB
Agencia que realiza la modificación CO-MdFUSB
Idioma de catalogación spa
Convenciones de la descripción rda
041 ## - CÓDIGO DE IDIOMA
Código de idioma para texto/pista de sonido o título separado eng
042 ## - AUTHENTICATION CODE
Authentication code pcc
082 00 - NÚMERO DE CLASIFICACIÓN DECIMAL DEWEY
Número de la edición del Dewey 22
Número de clasificación G 233.5
Clave de autor-Numero de item M628l
100 1# - ASIENTO PRINCIPAL--NOMBRE PERSONAL
Nombre personal Middleton, J. Richard,
Fechas asociadas con el nombre 1955-
Término relacionador autor
245 14 - TÍTULO
Título del Material The liberating image
Parte restante del título - Subtitulo : The Imago Dei in Genesis 1
Mención de responsabilidad, etc. / J. Richard Middleton.
246 30 - FORMA VARIANTE DEL TITULO
Título propiamente dicho/forma breve del título Imago Dei in Genesis 1
260 ## - PUBLICACIÓN, DISTRIBUCIÓN, ETC. (PIE DE IMPRENTA)
Nombre del editor, distribuidor, etc. Brazos Press,
Fecha de publicación, distribución, etc. c2005.
264 #1 - PRODUCCIÓN, PUBLICACIÓN, DISTRIBUCIÓN, MANUFACTURA, Y COPYRIGHT
Lugar de producción, publicación, distribución, manufactura Grand Rapids, MI :
Nombre del productor, publicador, distribuidor Brazos Press,
Fecha de producción, publicación, distribución, manufactura, o copyright ℗2005
264 #4 - PRODUCCIÓN, PUBLICACIÓN, DISTRIBUCIÓN, MANUFACTURA, Y COPYRIGHT
Fecha de producción, publicación, distribución, manufactura, o copyright ©2005
300 ## - DESCRIPCIÓN FÍSICA
Extensión 304 páginas :
Otros detalles físicos ilustraciones ;
Dimensiones 23 cm.
336 ## - TIPO DE CONTENIDO
Fuente rdacontent
Término de tipo de contenido texto
Código de tipo de contenido txt
337 ## - TIPO DE MEDIO
Fuente rdamedia
Nombre del tipo de medio sin mediación
Código del tipo de medio n
338 ## - TIPO DE SOPORTE
Fuente rdacarrier
Nombre del tipo de soporte volumen
Código Tipo de soporte nc
501 ## - NOTA DE “CON”
Nota de Contenido Incluye índice (páginas 299- 304)
505 0# - NOTA DE CONTENIDO
Nota de contenido con formato preestablecido El desafío de interpretar el Imago Dei -- El Imago Dei en el mundo simbólico de Génesis 1 -- Un antiguo fondo del Próximo Oriente para el Imago Dei -- La matriz de la ideología mesopotámica -- Génesis 1-11 como crítica ideológica -- ¿Creado en la imagen de un dios violento? -- Imaginando la generosidad de Dios.
630 07 - TITULO UNIFORME
Título uniforme Biblia.
Nombre de parte o sección de la obra Génesis
653 ## - TÉRMINO DE INDIZACIÓN - NO CONTROLADO
Término no controlado Imagen de Dios
653 ## - TÉRMINO DE INDIZACIÓN - NO CONTROLADO
Término no controlado La naturaleza humana
906 ## - LOCAL DATA ELEMENT F, LDF (RLIN)
a 7
b cbc
c orignew
d 1
e ecip
f 20
g y-gencatlg
942 ## - TIPO DE MATERIAL (KOHA)
Tipo de Item KOHA Libros General
Existencias
Estado de Material Estado de Perdido Forma de Clasificación Estado de Dañado No para Préstamo Colección Biblioteca de Origen Biblioteca Permanente Fecha de Adquisición Total de Préstamos Total de Renovaciones Signatura Topográfica Código de Barras Última vez visto Última vez Préstado Fecha de Remplazo Tipo de Material
    Dewey Decimal Classification     Colección General Biblioteca FUSBC Biblioteca FUSBC 19/10/2018 3 4 G 233.5 M628l 23008 21/11/2025 23/10/2025 19/10/2018 Libros General

Biblioteca FUSBC | Teléfono: (57+4) 349 88 10 Ext. 141| WhatsApp (+57) 3005338115 
E-mail: biblioteca@unisbc.edu.co | Calle 76 87-14 Robledo Palenque, Medellín, Colombia

Con tecnología Koha